Уран и торий в углях Ирана; Проблемы геологии и освоения недр; Т. 1

Dettagli Bibliografici
Parent link:Проблемы геологии и освоения недр: труды XVIII Международного симпозиума имени академика М. А. Усова студентов и молодых ученых, Томск, 7-11 апреля 2014 г./ Национальный исследовательский Томский политехнический университет (ТПУ), Институт природных ресурсов (ИПР) ; Общество инженеров-нефтяников, международная некоммерческая организация, Студенческий чаптер ; под ред. А. Ю. Дмитриева.— , 2014
Т. 1.— [С. 161-163]
Autore principale: Рыбалко В. И. Владимир Игоревич
Ente Autore: Национальный исследовательский Томский политехнический университет (ТПУ) Институт природных ресурсов (ИПР) Кафедра геоэкологии и геохимии (ГЭГХ)
Riassunto:Заглавие с экрана
Lingua:russo
Pubblicazione:
Serie:Минералогия, геохимия и петрография
Soggetti:
Accesso online:http://earchive.tpu.ru/handle/11683/65525
http://www.lib.tpu.ru/fulltext/c/2014/C11/V1/068.pdf
Natura: Elettronico Capitolo di libro
KOHA link:https://koha.lib.tpu.ru/cgi-bin/koha/opac-detail.pl?biblionumber=608218

MARC

LEADER 00000naa2a2200000 4500
001 608218
005 20260318133438.0
035 |a (RuTPU)RU\TPU\conf\5648 
035 |a RU\TPU\conf\5647 
090 |a 608218 
100 |a 20140923d2014 k y0rusy50 ca 
101 0 |a rus 
102 |a RU 
135 |a drcn ---uucaa 
181 0 |a i  
182 0 |a b 
200 1 |a Уран и торий в углях Ирана  |f В. И. Рыбалко 
203 |a Текст  |c электронный 
225 1 |a Минералогия, геохимия и петрография 
300 |a Заглавие с экрана 
320 |a [Библиогр.: с. 162-163 (4 назв.)] 
337 |a Adobe Reader 
461 1 |0 (RuTPU)RU\TPU\conf\5590  |t Проблемы геологии и освоения недр  |o труды XVIII Международного симпозиума имени академика М. А. Усова студентов и молодых ученых, Томск, 7-11 апреля 2014 г.  |o в 2 т.  |f Национальный исследовательский Томский политехнический университет (ТПУ), Институт природных ресурсов (ИПР) ; Общество инженеров-нефтяников, международная некоммерческая организация, Студенческий чаптер ; под ред. А. Ю. Дмитриева  |d 2014 
463 1 |0 (RuTPU)RU\TPU\conf\5592  |t Т. 1  |v [С. 161-163] 
610 1 |a труды учёных ТПУ 
610 1 |a электронный ресурс 
610 1 |a уран 
610 1 |a торий 
610 1 |a Иран 
610 1 |a уголь 
610 1 |a радиоактивные элементы 
610 1 |a токсичные элементы 
700 1 |a Рыбалко  |b В. И.  |c геолог  |c ассистент Томского политехнического университета  |f 1988-  |g Владимир Игоревич  |3 (RuTPU)RU\TPU\pers\29629 
712 0 2 |a Национальный исследовательский Томский политехнический университет (ТПУ)  |b Институт природных ресурсов (ИПР)  |b Кафедра геоэкологии и геохимии (ГЭГХ)  |3 (RuTPU)RU\TPU\col\18658 
801 2 |a RU  |b 63413507  |c 20210915  |g RCR 
856 4 |u http://earchive.tpu.ru/handle/11683/65525 
856 4 |u http://www.lib.tpu.ru/fulltext/c/2014/C11/V1/068.pdf 
942 |c BK